000 00520nam a22001937a 4500
005 20260307123144.0
008 260307b |||||||| |||| 00| 0 eng d
020 _a978-0-00-731868-1
_cRs.399.00
040 _aLoreto College
041 _aEnglish
082 _aF
_bCOE
100 _aCoelho,Paulo
245 _aThe winner stands alone
_cPaulo Coelho
260 _aLondon
_bHarperCollins Publishers
_c2024
300 _a373p.;19cm.
650 _aFiction
850 _aLCBED
942 _cBK
999 _c44272
_d94751